000
00270nam a22001217a 4500
020
_a
8176221791
082
_a
637.1
_b
GOD/MI
100
_a
Godbole,N.N
_9
408
245
_a
Milk the Most Perfect Food
260
_a
Delhi
_b
Biotech Books
_c
2013
300
_a
139
942
_c
BK
999
_c
14294
_d
14294